Central Library OPAC University of Rajshahi

Ancient Greek literature / (Record no. 63167)

MARC details
000 -LEADER
fixed length control field 00803nam a2200253 a 4500
001 - CONTROL NUMBER
control field 63167
003 - CONTROL NUMBER IDENTIFIER
rucl marc code BD-RjUL
005 - DATE AND TIME OF LATEST TRANSACTION
control field 20211209081151.0
008 - FIXED-LENGTH DATA ELEMENTS--GENERAL INFORMATION
fixed length control field 980131s1933 enk 001 0 eng d
035 ## - SYSTEM CONTROL NUMBER
System control number (BD-RjUL)63295
040 ## - CATALOGING SOURCE
Original cataloging agency DLC
Transcribing agency CLE
Modifying agency BD-RjUL
Language of cataloging eng
041 ## - LANGUAGE CODE
Language code of text/sound track or separate title eng
082 ## - DEWEY DECIMAL CLASSIFICATION NUMBER
Classification number 880.9
Edition number 23
Author mark and year BOA 1967
100 1# - MAIN ENTRY--PERSONAL NAME
Personal name Bowra, C. M.
Fuller form of name (Cecil Maurice),
Dates associated with a name 1898-1971.
9 (RLIN) 187971
245 10 - TITLE STATEMENT
Title Ancient Greek literature /
Statement of responsibility, etc. by C.M. Bowra.
260 ## - PUBLICATION, DISTRIBUTION, ETC. (IMPRINT)
Place of publication, distribution, etc. London :
Name of publisher, distributor, etc. Oxford University Press,
Date of publication, distribution, etc. 1967.
300 ## - PHYSICAL DESCRIPTION
Pagination xii, 137 p. ;
Size 20 cm.
490 ## - SERIES STATEMENT
Series statement oxford paperbacks university series
504 ## - BIBLIOGRAPHY, ETC. NOTE
Bibliography, etc Includes index and bibliography
650 #0 - SUBJECT ADDED ENTRY--TOPICAL TERM
Topical term or geographic name as entry element Greek literature
General subdivision History and criticism.
9 (RLIN) 187972
830 ## - SERIES ADDED ENTRY--UNIFORM TITLE
Uniform title oxford paperbacks university series
942 ## - ADDED ENTRY ELEMENTS (KOHA)
Source of classification or shelving scheme Dewey Decimal Classification
Koha item type Books
Holdings
Lost status Source of classification or shelving scheme Damaged status Not for loan Collection code Permanent Location Current Location Shelving location Date acquired Source of acquisition Total Checkouts Full call number Date last seen Copy number Koha item type
  Dewey Decimal Classification   Not For Loan Non-fiction Central Library, University of Rajshahi Central Library, University of Rajshahi Reading Room 08/01/1969 Zeitlinger   880.9 BOA 1967 28/01/2017 C-1 Books